000
00281nam a2200121 a 4500
008
110107s1974|||| d
100
1
_a
Lenin, V.I.
245
1
0
_a
Krok vpred, Dva kroky vzad
260
_b
Pravda
_a
Bratislava
_c
1974
020
_c
7
041
_a
slo
044
_a
xo
_c
SK
999
_c
15567
_d
15567